000 00833nam a22002417a 4500
999 _c6453
_d6453
003 AR-CdUCM
008 190318b ||||| |||| 00| 0 spa d
040 _aMUNICIPALIDAD PROVINCIAL DEL CUSCO
_cBIBLIOTECA MUNICIPAL DEL CUSCO
082 _a498.515 /
_bME2
100 _aSoto Ruiz, Clodoaldo
_918295
245 _aGramática quechua :
_bAyacucho - Chanca /
260 _aLima :
_bIEP,
_c1976.
300 _a182 paginas ;
_c20 cm.
440 _aMinisterio de educación
_915645
505 _aContenido : Tabla de símbolos -- Generalidades gramaticales -- La oración simple -- La frase nominal: El sustantivo ...
650 _aGramática quechua
_918225
650 _aQuechua
_92063
650 _aAyacucho
_93896
650 _aChanca
_918300
710 _aMinisterio de Educación
_97325
942 _2ddc
_cLIBROS
945 _arah